Т. 9: Из "Итальянского путешествия". Кампания во Франции. Праздник святого Рохуса в Бингене. Автобиографические мелочи; Собрание сочинений

Dettagli Bibliografici
Parent link:Собрание сочинений: в 10 т.: пер. с нем./ И. В. Гете. Т. 9: Из "Итальянского путешествия". Кампания во Франции. Праздник святого Рохуса в Бингене. Автобиографические мелочи.— , 1975-
Altri autori: Вильмонт Н.
Riassunto:В девятый том Собрания сочинений входят путевые заметки: "Из "Итальянского путешествия", "Кампания во Франции", а также "Праздник святого Рохуса" и воспоминания о встречах с Шиллером и Наполеоном. Перевод с немецкого Н. Ман, А. Михайлова, Н. Вильмонта, Е. Вильмонт
Lingua:russo
Pubblicazione: 1980
Soggetti:
Natura: MixedMaterials Libro
KOHA link:https://koha.lib.tpu.ru/cgi-bin/koha/opac-detail.pl?biblionumber=163454

MARC

LEADER 00000nam2a2200000 4500
001 163454
005 20231101222410.0
035 |a (RuTPU)RU\TPU\book\177349 
035 |a RU\TPU\book\177329 
090 |a 163454 
100 |a 20090818d1980 m y0rusy50 ca 
101 1 |a rus  |c ger 
102 |a RU 
105 |a y z 001ad 
200 0 |a Т. 9: Из "Итальянского путешествия". Кампания во Франции. Праздник святого Рохуса в Бингене. Автобиографические мелочи  |f комментарии Н. Вильмонта 
210 |d 1980 
215 |a 495 с. 
320 |a Комментарии: с. 441-494 
330 |a В девятый том Собрания сочинений входят путевые заметки: "Из "Итальянского путешествия", "Кампания во Франции", а также "Праздник святого Рохуса" и воспоминания о встречах с Шиллером и Наполеоном. Перевод с немецкого Н. Ман, А. Михайлова, Н. Вильмонта, Е. Вильмонт 
461 1 |0 (RuTPU)RU\TPU\book\113292  |t Собрание сочинений  |o в 10 т.: пер. с нем.  |f И. В. Гете  |v Т. 9: Из "Итальянского путешествия". Кампания во Франции. Праздник святого Рохуса в Бингене. Автобиографические мелочи  |d 1975- 
600 1 |a Гёте  |b И. В.  |c немецкий писатель  |f 1749-1832  |g Иоганн Вольфганг фон  |2 stltpush  |3 (RuTPU)RU\TPU\pers\1452  |9 641 
600 0 |a Наполеон Бонапарт  |d I  |c король Италии, император Франции  |f 1769-1821  |2 stltpush  |3 (RuTPU)RU\TPU\pers\1394 
610 1 |a немецкая литература 
610 1 |a проза 
610 1 |a романы 
610 1 |a автобиографии 
675 |a 83  |v 3 
702 1 |a Вильмонт  |b Н.  |4 210 
801 1 |a RU  |b 63413507  |c 20060314  |g PSBO 
801 2 |a RU  |b 63413507  |c 20140602  |g PSBO 
942 |c BK